Spon's mechanical and electrical services price book (Record no. 116066)

MARC details
000 -LEADER
fixed length control field 01096cam a22002895a 4500
001 - CONTROL NUMBER
control field L159635
005 - DATE AND TIME OF LATEST TRANSACTION
control field 20250828161134.0
008 - FIXED-LENGTH DATA ELEMENTS--GENERAL INFORMATION
fixed length control field 171130s201 xxk f 001 0 eng d
020 ## - INTERNATIONAL STANDARD BOOK NUMBER
International Standard Book Number 9781315107660
035 ## - SYSTEM CONTROL NUMBER
System control number (Sirsi) u159635
041 0# - LANGUAGE CODE
Language code of text/sound track or separate title eng
110 2# - MAIN ENTRY--CORPORATE NAME
Corporate name or jurisdiction name as entry element AECOM
245 00 - TITLE STATEMENT
Title Spon's mechanical and electrical services price book
Remainder of title 2018
250 ## - EDITION STATEMENT
Edition statement 49th edition
260 ## - PUBLICATION, DISTRIBUTION, ETC.
Place of publication, distribution, etc. London
Name of publisher, distributor, etc. CRC Press
-- Taylor and Francis
Date of publication, distribution, etc. 2017
520 ## - SUMMARY, ETC.
Summary, etc. Provides costings for mechanical and electrical services inccluding material costs, measured work prices, labour and daywork rates. Engineerig features include Building Information Modelling (BIM), Building Management Systems (BMS), Renewable energy, RICS Ska Rating, Aggregates Levy and VAT.
520 ## - SUMMARY, ETC.
Summary, etc. Supersedes 48th ed (ISBN 9781489786164)
521 ## - TARGET AUDIENCE NOTE
Target audience note Advanced
590 ## - LOCAL NOTE (RLIN)
Local note KA
650 24 - SUBJECT ADDED ENTRY--TOPICAL TERM
Topical term or geographic name entry element MECHANICAL ENGINEERING
650 24 - SUBJECT ADDED ENTRY--TOPICAL TERM
Topical term or geographic name entry element ELECTRICAL ENGINEERING
651 #4 - SUBJECT ADDED ENTRY--GEOGRAPHIC NAME
Geographic name United Kingdom
690 ## - LOCAL SUBJECT ADDED ENTRY--TOPICAL TERM (OCLC, RLIN)
Topical term or geographic name as entry element Cost management
9 (RLIN) 6233
690 ## - LOCAL SUBJECT ADDED ENTRY--TOPICAL TERM (OCLC, RLIN)
Topical term or geographic name as entry element Construction management
9 (RLIN) 6230
856 48 - ELECTRONIC LOCATION AND ACCESS
Uniform Resource Identifier <a href="https://www.vlebooks.com/">https://www.vlebooks.com/</a>
942 ## - ADDED ENTRY ELEMENTS (KOHA)
Suppress in OPAC 0
Source of classification or shelving scheme Dewey Decimal Classification
Holdings
Withdrawn status Lost status Damaged status Not for loan Home library Current library Shelving location Date acquired Total Checkouts Full call number Barcode Date last seen Copy number Price effective from Koha item type
        Virtual Virtual Online 30/11/2017   Archived 159635-2001 06/08/2019 1 06/08/2019 Book